000
00320nam a2200133 a 4500
008
110519s1972|||| d
245
1
0
_a
Kalendár menín a kvetín
100
1
_a
Sulyoková, M.
700
1
_a
Timárová, Z
260
_c
1972
_a
Bratislava
_b
Príroda
020
_c
22
044
_a
xo
_c
SK
041
_a
slo
999
_c
19721
_d
19721